[Event "OLSW 1920 Turm Illingen - Gambit Saarbrü"]
[Site "?"]
[Date "2019.09.29"]
[Round "1.4"]
[White "Giese, Tilman"]
[Black "Gross, Georg"]
[Result "1-0"]
[WhiteElo "2001"]
[BlackElo "2275"]
[PlyCount "117"]
[EventDate "2019.??.??"]

1. Nf3 d6 2. d4 f5 3. Bf4 Nf6 4. c4 e6 5. Nc3 Be7 6. Qc2 O-O 7. O-O-O Nc6 8. e3
Nb4 9. Qb3 a5 10. a3 Na6 11. h3 Rb8 12. c5 Bd7 13. cxd6 cxd6 14. Ng5 Nc7 15.
Bc4 d5 16. Bb5 h6 17. Bxd7 Qxd7 18. Bxc7 Rbc8 19. Nxe6 Qxe6 20. Bxa5 Ne4 21.
Rhf1 f4 22. exf4 Rxf4 23. f3 Nxc3 24. Bxc3 Rf7 25. Rfe1 Qg6 26. Qc2 Bg5+ 27.
Kb1 Qb6 28. Ka2 Rfc7 29. Qb3 Qd6 30. Re5 Rd7 31. Rde1 Bf6 32. Bb4 Qc6 33. Re6
Qc4 34. Bc5 Kf7 35. Rb6 Rcc7 36. Rb4 Qxb3+ 37. Rxb3 Rc6 38. Rb5 Re6 39. Rxe6
Kxe6 40. g4 Bd8 41. Rb3 Kf6 42. Bb4 Kg5 43. Bd2+ Kg6 44. Bf4 h5 45. Be5 Kg5 46.
Bg3 hxg4 47. hxg4 Bf6 48. Rd3 Re7 49. a4 Re6 50. b4 Rc6 51. Be5 Rc4 52. Bxf6+
gxf6 53. Kb3 Kf4 54. a5 Kg3 55. b5 Kf2 56. Rc3 Rxd4 57. a6 bxa6 58. bxa6 Rd1
59. a7 1-0

[Event "OLSW 1920 Turm Illingen - Gambit Saarbrü"]
[Site "?"]
[Date "2019.09.29"]
[Round "1.5"]
[White "Erhardt, Michael"]
[Black "Biehler, Thomas"]
[Result "1/2-1/2"]
[WhiteElo "2072"]
[BlackElo "2208"]
[PlyCount "36"]
[EventDate "2019.??.??"]

1. e4 e6 2. d4 d5 3. Nc3 Bb4 4. exd5 exd5 5. Bd3 Nc6 6. Nge2 Nge7 7. O-O Be6 8.
a3 Ba5 9. Be3 Bb6 10. Na4 Bf5 11. Nxb6 axb6 12. Bg5 f6 13. Bf4 Bxd3 14. Qxd3
Qd7 15. Rfe1 g5 16. Bg3 O-O-O 17. Nc3 Qf5 18. Rad1 Qxd3 1/2-1/2

[Event "OLSW 1920 Turm Illingen - Gambit Saarbrü"]
[Site "?"]
[Date "2019.09.29"]
[Round "1.6"]
[White "Hauer, Andreas"]
[Black "Forthoffer, Patrick"]
[Result "0-1"]
[WhiteElo "1928"]
[BlackElo "2168"]
[PlyCount "54"]
[EventDate "2019.??.??"]

1. c4 Nf6 2. Nc3 e5 3. Nf3 Nc6 4. e3 Bb4 5. Qc2 O-O 6. Ne2 Re8 7. a3 Bf8 8. d4
d5 9. cxd5 Nxd5 10. dxe5 Nxe5 11. Nxe5 Rxe5 12. b4 Bxb4+ 13. Bd2 Bf5 14. Qb2
Bxd2+ 15. Qxd2 Qe7 16. Ng3 Bg6 17. Be2 Rd8 18. Qb2 c5 19. O-O b6 20. Rfd1 Re6
21. Bf3 Red6 22. Qb3 Nf6 23. Rxd6 Rxd6 24. Qa4 Qd7 25. Qc4 Bd3 26. Qc3 h6 27.
e4 Bxe4 0-1

[Event "OLSW 1920 Turm Illingen - Gambit Saarbrü"]
[Site "?"]
[Date "2019.09.29"]
[Round "1.7"]
[White "Haenssel, Christian"]
[Black "Aubertin, Tim"]
[Result "1/2-1/2"]
[WhiteElo "2056"]
[BlackElo "1916"]
[PlyCount "100"]
[EventDate "2019.??.??"]

1. c4 c5 2. g3 Nc6 3. Bg2 d6 4. Nc3 Bd7 5. a3 Nf6 6. Rb1 a5 7. Nf3 g6 8. O-O
Qc8 9. d3 Rb8 10. Bd2 Bg7 11. Ne1 Bh3 12. Nc2 h5 13. Bg5 Nh7 14. Bd2 h4 15. Nd5
hxg3 16. fxg3 Nf6 17. Nxf6+ Bxf6 18. Bxh3 Qxh3 19. Rf2 Be5 20. Bf4 Bxf4 21.
gxf4 Rh4 22. e3 Kd7 23. Qf3 Rg4+ 24. Kh1 Qh4 25. b4 axb4 26. axb4 Kc7 27. bxc5
dxc5 28. d4 Rh8 29. Rg1 Rxg1+ 30. Kxg1 cxd4 31. exd4 Qf6 32. d5 Na5 33. Qa3 b6
34. c5 Rb8 35. cxb6+ Qxb6 36. Qxe7+ Kc8 37. d6 Rb7 38. Qe8+ Qd8 39. Qa4 Rb1+
40. Kg2 g5 41. Nb4 Rc1 42. Rd2 Rc5 43. d7+ Kb7 44. Nd5 gxf4 45. Rb2+ Ka7 46.
Rd2 Qg5+ 47. Kf3 Qh5+ 48. Ke4 Qg6+ 49. Kf3 Qh5+ 50. Ke4 Qg6+ 1/2-1/2

[Event "OLSW 1920 SC Heimbach-Weis-Neuwied - SK "]
[Site "?"]
[Date "2019.09.29"]
[Round "1.1"]
[White "Syrov, Arkadi"]
[Black "Vypkhaniuk, Ihor"]
[Result "1-0"]
[WhiteElo "2352"]
[BlackElo "2407"]
[PlyCount "103"]
[EventDate "2019.??.??"]

1. e4 c5 2. Nf3 Nc6 3. d4 cxd4 4. Nxd4 e5 5. Nb5 d6 6. c4 Be7 7. N1c3 a6 8. Na3
Be6 9. Nd5 Nf6 10. Bd3 O-O 11. O-O Nd7 12. Nxe7+ Qxe7 13. Nc2 Rfc8 14. Ne3 Nc5
15. Nd5 Bxd5 16. cxd5 Nxd3 17. Qxd3 Nb4 18. Qd1 Rc4 19. b3 Rd4 20. Qe2 Rc8 21.
a3 Nd3 22. Be3 Nf4 23. Qg4 f5 24. Qxf5 Rf8 25. Qg4 Rxe4 {(=)} 26. g3 h5 27. Qd1
Nh3+ 28. Kg2 Ng5 29. Qxh5 Nh7 30. Qg6 Nf6 31. h3 Qd7 32. Rac1 Rc8 33. Rxc8+
Qxc8 34. Rc1 Qe8 35. Qxe8+ Nxe8 36. Rc8 Kf7 37. Kf3 Nf6 38. Rc7+ Kf8 39. Rxb7
a5 40. g4 a4 41. g5 axb3 42. gxf6 Ra4 43. fxg7+ Kg8 44. Rxb3 Kxg7 45. Kg3 Ra5
46. Rd3 Kf6 47. Bd2 Ra6 48. Rf3+ Kg6 49. Bb4 e4 50. Rf4 Ra8 51. Bxd6 Rd8 52.
Rxe4 1-0

[Event "OLSW 1920 SC Heimbach-Weis-Neuwied - SK "]
[Site "?"]
[Date "2019.09.29"]
[Round "1.2"]
[White "Winterberg, Lukas"]
[Black "Neuberger, Guido"]
[Result "1-0"]
[WhiteElo "2386"]
[BlackElo "2228"]
[PlyCount "120"]
[EventDate "2019.??.??"]

1. e4 g6 2. d4 Bg7 3. c4 d6 4. Nc3 Nf6 5. Be2 O-O 6. Nf3 e5 7. O-O Nc6 8. d5
Ne7 9. Ne1 Nd7 10. Nd3 f5 11. f3 f4 12. Bd2 g5 13. Rc1 Ng6 14. c5 Nf6 15. cxd6
cxd6 16. Nf2 Rf7 17. Qc2 Rc7 18. Qb3 Bd7 19. Nb5 Bxb5 20. Qxb5 Rac8 21. Ba5 b6
22. Bd2 Rxc1 23. Rxc1 Rxc1+ 24. Bxc1 Ne7 25. Bd2 Nd7 26. Bd1 Nb8 27. Bb4 a6 28.
Qc4 Nc8 29. Be2 Bf8 30. a4 Be7 31. Bc3 Kg7 32. Nd3 Bf6 33. Nb4 a5 34. Nc6 Qc7
35. Nxa5 Qa7 36. Nc6 Nxc6 37. Qxc6 b5+ 38. Kf1 b4 39. Bxb4 Ne7 40. Qc2 g4 41.
Bxd6 gxf3 42. gxf3 Qd7 43. Qc7 Qh3+ 44. Ke1 Kh6 45. Bxe7 Qh4+ 46. Kd1 Bxe7 47.
Qxe5 Bf6 48. Qe6 Qg5 49. Kc2 Qg7 50. Qh3+ Kg6 51. Qf5+ Kh6 52. Qxf4+ Kg6 53.
Qg3+ Bg5 54. h4 h6 55. hxg5 hxg5 56. Qd6+ Kh5 57. f4+ Kh4 58. fxg5 Qf7 59. Qh2+
Kxg5 60. Qh5+ Qxh5 1-0

[Event "OLSW 1920 SC Heimbach-Weis-Neuwied - SK "]
[Site "?"]
[Date "2019.09.29"]
[Round "1.3"]
[White "Fulea, Dan"]
[Black "Boidman, Yuri"]
[Result "1/2-1/2"]
[WhiteElo "2216"]
[BlackElo "2341"]
[PlyCount "54"]
[EventDate "2019.??.??"]

1. e4 c5 2. c3 d5 3. exd5 Qxd5 4. d4 e6 5. Nf3 Nf6 6. Na3 Qd8 7. Bf4 Nc6 8.
dxc5 Nd5 9. Bd6 Bxd6 10. cxd6 Qxd6 11. Nb5 Qd8 12. Bc4 O-O 13. O-O Nce7 14. a4
a6 15. Nbd4 b6 16. Re1 Bb7 17. Ba2 Ng6 18. g3 Qf6 19. Qe2 Rad8 20. Ne5 Nde7 21.
Ng4 Qg5 22. h4 Qc5 23. h5 Nh8 24. Qe5 Qxe5 25. Nxe5 Rd6 26. Nc4 Rd5 27. Re5
Rfd8 1/2-1/2

[Event "OLSW 1920 SC Heimbach-Weis-Neuwied - SK "]
[Site "?"]
[Date "2019.09.29"]
[Round "1.4"]
[White "Schulz, Klaus-Juergen"]
[Black "Syska, Albert"]
[Result "1/2-1/2"]
[WhiteElo "2325"]
[BlackElo "2216"]
[PlyCount "79"]
[EventDate "2019.??.??"]

1. d4 e6 2. Nf3 f5 3. g3 Nf6 4. Bg2 d5 5. O-O Bd6 6. c4 c6 7. b3 Qe7 8. a4 a5
9. Ba3 Bxa3 10. Nxa3 b6 11. Nc2 Na6 12. Ne5 Bb7 13. Ne1 O-O 14. N1d3 Rac8 15.
Rc1 c5 16. dxc5 Nxc5 17. cxd5 Nxd3 18. Qxd3 Nxd5 19. Qd4 Rxc1 20. Rxc1 Qa3 21.
Qd1 Rd8 22. Rc7 Ba8 23. Ra7 Rc8 24. Rxa8 Rxa8 25. Bxd5 Qd6 26. Bxe6+ Qxe6 27.
Nc4 h5 28. h4 f4 29. gxf4 Qg4+ 30. Kf1 Rf8 31. Qd5+ Kh7 32. e3 Qxh4 33. Qe4+
Kh6 34. Ne5 Qh3+ 35. Ke2 Qf5 36. Qc6+ Rf6 37. Qe8 Rf8 38. Qc6+ Rf6 39. Qe8 Rf8
40. Qc6+ 1/2-1/2

[Event "OLSW 1920 SC Heimbach-Weis-Neuwied - SK "]
[Site "?"]
[Date "2019.09.29"]
[Round "1.5"]
[White "Prestel, Oliver"]
[Black "Ronge, Tim Hendrick"]
[Result "1/2-1/2"]
[WhiteElo "2145"]
[BlackElo "2167"]
[PlyCount "77"]
[EventDate "2019.??.??"]

1. c4 e5 2. Nc3 d6 3. e4 f5 4. g3 Nf6 5. Bg2 fxe4 6. Nxe4 Nc6 7. Ne2 Be7 8.
N2c3 O-O 9. O-O Be6 10. d3 Qd7 11. Ng5 Bg4 12. f3 Bf5 13. Be3 Rad8 14. Nge4 Nd4
15. Bxd4 exd4 16. Nb5 d5 17. Nxf6+ Bxf6 18. Na3 c6 19. cxd5 Qxd5 20. f4 Qd7 21.
Re1 Rfe8 22. Qb3+ Be6 23. Qa4 a6 24. Qa5 Bf5 25. Qd2 Re3 26. Bf1 Rde8 27. Nc2
R3e7 28. Qb4 h5 29. Rxe7 Rxe7 30. Re1 h4 31. Kf2 hxg3+ 32. hxg3 Rxe1 33. Kxe1
Bg4 34. Kd2 Kh7 35. Qc5 Qf7 36. Be2 Bxe2 37. Kxe2 Qe6+ 38. Kf3 Qxa2 39. Qh5+
1/2-1/2

[Event "OLSW 1920 SC Heimbach-Weis-Neuwied - SK "]
[Site "?"]
[Date "2019.09.29"]
[Round "1.6"]
[White "Puth, Dieter"]
[Black "Geyer, Bernhard"]
[Result "1-0"]
[WhiteElo "2213"]
[BlackElo "2154"]
[PlyCount "59"]
[EventDate "2019.??.??"]

1. d4 d5 2. c4 e6 3. Nf3 Nf6 4. g3 Be7 5. Bg2 O-O 6. O-O c6 7. Nbd2 Nbd7 8. Qc2
b6 9. e4 Bb7 10. e5 Ne8 11. Rd1 Nc7 12. Nf1 c5 13. Ne3 Rc8 14. h4 cxd4 15. Rxd4
b5 16. cxd5 Nxd5 17. Qd3 Qb6 18. Nxd5 Bxd5 19. Bf4 Nc5 20. Qd2 Qc6 21. Ne1 Bxg2
22. Nxg2 Na4 23. b3 Nb6 24. Bg5 Bc5 25. Rg4 h5 26. Bf6 Bxf2+ 27. Kh1 hxg4 28.
Qg5 Qc1+ 29. Rxc1 Rxc1+ 30. Qxc1 1-0

[Event "OLSW 1920 SC Heimbach-Weis-Neuwied - SK "]
[Site "?"]
[Date "2019.09.29"]
[Round "1.7"]
[White "Kargoll, Peter"]
[Black "Roos, Thomas"]
[Result "1/2-1/2"]
[WhiteElo "2151"]
[BlackElo "2167"]
[PlyCount "35"]
[EventDate "2019.??.??"]

1. d4 e6 2. Nf3 f5 3. Nc3 Nf6 4. Bg5 Be7 5. Bxf6 Bxf6 6. e4 fxe4 7. Nxe4 O-O 8.
Bd3 Nc6 9. c3 d6 10. Qc2 g6 11. O-O-O e5 12. dxe5 Nxe5 13. Nxf6+ Qxf6 14. Nxe5
Qxe5 15. f3 Kg7 {(=)} 16. Rde1 Qf6 17. Re2 Bd7 18. Qd2 1/2-1/2

[Event "OLSW 1920 SC Heimbach-Weis-Neuwied - SK "]
[Site "?"]
[Date "2019.09.29"]
[Round "1.8"]
[White "Jahn, Peter"]
[Black "Kuehn, Bernd"]
[Result "0-1"]
[WhiteElo "2063"]
[BlackElo "2033"]
[PlyCount "84"]
[EventDate "2019.??.??"]

1. d4 d5 2. c4 e6 3. Nf3 f5 4. Nc3 Nf6 5. g3 c6 6. Bg2 Bd6 7. O-O O-O 8. Qc2
Qe7 9. Rb1 Nbd7 10. a3 b6 11. b4 Bb7 12. Bf4 dxc4 13. Nd2 Bxf4 14. gxf4 Nd5 15.
e3 b5 16. Bxd5 exd5 17. Nf3 Rf6 18. Kh1 Raf8 19. Rg1 Rh6 20. Rg5 Rhf6 21. Rbg1
g6 22. h4 Kg7 23. h5 Qe6 24. Nh4 Kf7 25. hxg6+ hxg6 26. Nxg6 Rxg6 27. Rxg6 Rh8+
28. Kg2 Qxg6+ 29. Kf1 Qh5 30. Rg5 Qh3+ 31. Ke2 Rh5 32. Rg3 Qh1 33. a4 Nf6 34.
axb5 cxb5 35. Qa2 Bc6 36. Qxa7+ Bd7 37. Nxb5 Qb1 38. Nd6+ Ke6 39. Rg6 Qd3+ 40.
Kf3 Qd1+ 41. Kg2 Qh1+ 42. Kg3 Qh3# 0-1

[Event "OLSW 1920 SK Landau - SC Heimbach-Weis-N"]
[Site "?"]
[Date "2019.10.20"]
[Round "2.1"]
[White "Vypkhaniuk, Ihor"]
[Black "Becking, Stephan"]
[Result "1-0"]
[WhiteElo "2407"]
[BlackElo "2411"]
[PlyCount "43"]
[EventDate "2019.??.??"]

1. Nf3 d5 2. g3 Nf6 3. Bg2 c6 4. c4 dxc4 5. O-O b5 6. a4 Bb7 7. b3 cxb3 8. Qxb3
a6 9. Ba3 Nbd7 10. Nc3 e6 11. Bxf8 Kxf8 12. d4 Qe7 13. Ne5 Nxe5 14. dxe5 Nd7
15. axb5 Nc5 16. Qa3 cxb5 17. Bxb7 Nxb7 18. Nxb5 Qxa3 19. Rxa3 Ke7 20. Nc7 Ra7
21. Rxa6 Rha8 22. Rb6 1-0

[Event "OLSW 1920 SK Landau - SC Heimbach-Weis-N"]
[Site "?"]
[Date "2019.10.20"]
[Round "2.2"]
[White "Baerwinkel, Tobias"]
[Black "Winterberg, Lukas"]
[Result "0-1"]
[WhiteElo "2361"]
[BlackElo "2386"]
[PlyCount "86"]
[EventDate "2019.??.??"]

1. c4 Nf6 2. g3 e6 3. Bg2 d5 4. Nf3 dxc4 5. Qc2 c5 6. Na3 Nc6 7. Nxc4 b5 8.
Nfe5 Nb4 9. Qd1 Nbd5 10. d3 bxc4 11. dxc4 Bd6 12. Nd3 Nb6 13. Bxa8 Nxa8 14.
Qa4+ Bd7 15. Qxa7 Bc6 16. f3 e5 17. Bg5 h6 18. Bxf6 Qxf6 19. Nxc5 e4 20. Nxe4
Bxe4 21. Qa4+ Ke7 22. fxe4 Rb8 23. Qa7+ Kf8 24. c5 Qd4 25. Rc1 Re8 26. Rf1 Nc7
27. Qb7 Be5 28. Rc2 f6 29. Qb3 Qxe4 30. Qc4 Qc6 31. b4 Nd5 32. b5 Qa8 33. c6
Qa5+ 34. Rd2 Nc7 35. Rf3 Nxb5 36. Kd1 Nc3+ 37. Kc2 Nb5 38. Rd7 Nd6 39. Qg4
Qxa2+ 40. Kd1 Qb1+ 41. Kd2 Ne4+ 42. Ke3 Qc1+ 43. Kxe4 Qc4+ 0-1

[Event "OLSW 1920 SK Landau - SC Heimbach-Weis-N"]
[Site "?"]
[Date "2019.10.20"]
[Round "2.3"]
[White "Boidman, Yuri"]
[Black "Muranyi, Karl-Jasmin"]
[Result "1/2-1/2"]
[WhiteElo "2341"]
[BlackElo "2331"]
[PlyCount "110"]
[EventDate "2019.??.??"]

1. d4 Nf6 2. c4 c5 3. d5 e5 4. Nc3 d6 5. g3 Be7 6. Bg2 Nbd7 7. e4 O-O 8. Nge2
a6 9. O-O Ne8 10. a3 Nc7 11. b4 b5 12. bxc5 Nxc5 13. Be3 bxc4 14. Bxc5 dxc5 15.
Qa4 Bd7 16. Qxc4 Nb5 17. Rfb1 Qa5 18. a4 Nxc3 19. Qxc3 Qxc3 20. Nxc3 Rfb8 21.
Bf1 Rb4 22. a5 f5 23. exf5 Bxf5 24. Re1 Bf6 25. Na4 e4 26. Ra2 Bd4 27. Nb6 Re8
28. Kg2 Bg4 29. h3 Bf3+ 30. Kh2 e3 31. fxe3 Bc3 32. Rc1 Rxe3 33. d6 Bf6 34.
Rxc5 Re1 35. Bg2 Bxg2 36. Kxg2 Rbb1 37. Rd2 Rg1+ 38. Kh2 Rh1+ 39. Kg2 Rbg1+ 40.
Kf2 Rh2+ 41. Kxg1 Rxd2 42. Rc6 Kf7 43. g4 Ke6 44. d7+ Rd6 45. Rc7 Rd1+ 46. Kg2
Ke5 47. Rc5+ Ke4 48. Rc8 Rd2+ 49. Kf1 Kf3 50. Ke1 Rd6 51. Rc1 Kg3 52. Ke2 h6
53. Rb1 Bg5 54. Rb3+ Kg2 55. Ra3 Rd2+ 1/2-1/2

[Event "OLSW 1920 SK Landau - SC Heimbach-Weis-N"]
[Site "?"]
[Date "2019.10.20"]
[Round "2.4"]
[White "Silber, Henning"]
[Black "Schulz, Klaus-Juergen"]
[Result "1/2-1/2"]
[WhiteElo "2298"]
[BlackElo "2325"]
[PlyCount "53"]
[EventDate "2019.??.??"]

1. e4 c5 2. c3 d5 3. exd5 Qxd5 4. d4 e6 5. Nf3 Nf6 6. Be3 cxd4 7. cxd4 Nc6 8.
Nc3 Qd6 9. a3 Be7 10. Bd3 O-O 11. Qe2 b6 12. O-O Bb7 13. Rad1 g6 14. Rfe1 Rfe8
15. Ba6 Qc7 16. Bg5 Bxa6 17. Qxa6 Qc8 18. Qe2 Nd5 19. Nxd5 exd5 20. Bxe7 Rxe7
21. Qb5 Rxe1+ 22. Rxe1 Qd7 23. h4 Rc8 24. Rc1 Rc7 25. Rc3 Ne5 26. Qxd7 Nxf3+
27. Rxf3 1/2-1/2

[Event "OLSW 1920 SK Landau - SC Heimbach-Weis-N"]
[Site "?"]
[Date "2019.10.20"]
[Round "2.5"]
[White "Ronge, Tim Hendrick"]
[Black "Leuranguer, Yannick"]
[Result "1/2-1/2"]
[WhiteElo "2167"]
[BlackElo "2255"]
[PlyCount "86"]
[EventDate "2019.??.??"]

1. d4 d5 2. c4 c6 3. Nf3 Nf6 4. Nc3 e6 5. e3 Nbd7 6. Qc2 Bd6 7. Bd3 O-O 8. O-O
e5 9. cxd5 cxd5 10. e4 dxe4 11. Nxe4 Nxe4 12. Bxe4 h6 13. Be3 exd4 14. Bh7+ Kh8
15. Bxd4 Nf6 16. Bf5 Qa5 17. Bxc8 Rfxc8 18. Qb3 Qd5 19. Rfd1 Qxb3 20. axb3 Be7
21. Ne5 Kg8 22. Rxa7 Rxa7 23. Bxa7 Bc5 24. Bxc5 Rxc5 25. Nc4 Nd5 26. g3 f6 27.
Kg2 Nb4 28. Rd8+ Kh7 29. Rb8 Rc7 30. Nd6 Rc2 31. Rxb7 Nd3 32. Ne8 Rxf2+ 33. Kg1
Kg8 34. Nxg7 Rd2 35. Nh5 Ne5 36. Nxf6+ Kf8 37. Kf1 Nf3 38. Ng4 h5 39. Nf2 Nxh2+
40. Kg1 Nf3+ 41. Kg2 Ne5 42. Kf1 Rxb2 43. b4 Rb3 1/2-1/2

[Event "OLSW 1920 SK Landau - SC Heimbach-Weis-N"]
[Site "?"]
[Date "2019.10.20"]
[Round "2.6"]
[White "Bruch, Jochen"]
[Black "Puth, Dieter"]
[Result "1/2-1/2"]
[WhiteElo "2190"]
[BlackElo "2213"]
[PlyCount "41"]
[EventDate "2019.??.??"]

1. c4 c5 2. Nf3 Nf6 3. g3 g6 4. Bg2 Bg7 5. O-O O-O 6. Nc3 Nc6 7. a3 a6 8. Rb1
Rb8 9. b4 cxb4 10. axb4 b5 11. cxb5 axb5 12. d4 d5 13. Bf4 Rb6 14. Ne5 Bf5 15.
Rb3 Ne4 16. g4 Nxc3 17. Rxc3 Bd7 18. Bxd5 Nxe5 19. Bxe5 Bxe5 20. dxe5 Bxg4 21.
Re3 1/2-1/2

[Event "OLSW 1920 SK Landau - SC Heimbach-Weis-N"]
[Site "?"]
[Date "2019.10.20"]
[Round "2.7"]
[White "Roos, Thomas"]
[Black "Koehler, Patrick"]
[Result "1-0"]
[WhiteElo "2167"]
[BlackElo "2117"]
[PlyCount "71"]
[EventDate "2019.??.??"]

1. d4 Nf6 2. c4 c5 3. d5 b5 4. cxb5 a6 5. bxa6 g6 6. Nc3 Bxa6 7. e4 Bxf1 8.
Kxf1 d6 9. g3 Bg7 10. Kg2 O-O 11. Nf3 Qb6 12. h3 Na6 13. Re1 Nd7 14. Re2 Nb4
15. Bg5 h6 16. Bf4 Qa6 17. Qd2 g5 18. Bxg5 hxg5 19. Qxg5 Nf6 20. Nh4 Nh7 21.
Qh5 Nd3 22. Nf5 Bf6 23. f4 e6 24. Nh6+ Kg7 25. Re3 Rab8 26. e5 dxe5 27. Ng4
Rxb2+ 28. Kg1 exd5 29. Qh6+ Kh8 30. Nxd5 Rfb8 31. Ngxf6 Rb1+ 32. Rxb1 Rxb1+ 33.
Kg2 Rb2+ 34. Kf3 Rf2+ 35. Kg4 Qe6+ 36. Kh4 1-0

[Event "OLSW 1920 SK Landau - SC Heimbach-Weis-N"]
[Site "?"]
[Date "2019.10.20"]
[Round "2.8"]
[White "Karpa, Adrian"]
[Black "Jahn, Peter"]
[Result "1-0"]
[WhiteElo "2087"]
[BlackElo "2063"]
[PlyCount "69"]
[EventDate "2019.??.??"]

1. e4 e6 2. d3 c5 3. Nf3 Nc6 4. g3 d6 5. Bg2 g6 6. O-O Bg7 7. c3 Nge7 8. Qe2
O-O 9. Na3 Rb8 10. Bf4 e5 11. Bd2 b5 12. Nc2 b4 13. h4 h6 14. Nh2 bxc3 15. bxc3
Rb2 16. Bc1 Rb8 17. Ne3 f5 18. Nc4 Be6 19. Be3 Na5 20. Nxa5 Qxa5 21. c4 Qa3 22.
Rfb1 Bd7 23. h5 g5 24. Bc1 Qa5 25. Bd2 Qc7 26. exf5 Bxf5 27. Bc3 Rxb1+ 28. Rxb1
Rb8 29. Rxb8+ Qxb8 30. Ng4 Qb1+ 31. Bf1 Nc6 32. Qf3 Ne7 33. Kg2 Qc2 34. Ne3
Bxd3 35. Nxc2 1-0

[Event "OLSW 1920 SK Frankenthal - Turm Illingen"]
[Site "?"]
[Date "2019.10.20"]
[Round "2.1"]
[White "Mayer, Frank"]
[Black "Syrov, Arkadi"]
[Result "0-1"]
[WhiteElo "2315"]
[BlackElo "2352"]
[PlyCount "76"]
[EventDate "2019.??.??"]

1. Nf3 Nf6 2. g3 g6 3. Bg2 Bg7 4. O-O O-O 5. c4 c5 6. d4 d6 7. Nc3 Nc6 8. e3
Bg4 9. h3 Bxf3 10. Bxf3 Nd7 11. Bxc6 bxc6 12. Qd3 Qc8 13. Kg2 Qa6 14. Rd1 Rfd8
15. b3 Rab8 16. Bb2 Qb7 17. Rab1 cxd4 18. exd4 d5 19. cxd5 cxd5 20. Na4 e5 21.
Rbc1 e4 22. Qd2 Nb6 23. Nc5 Qe7 24. Na6 Rbc8 25. Rxc8 Rxc8 26. Rc1 Qf6 27.
Rxc8+ Nxc8 28. Nc7 Qf3+ 29. Kg1 Ne7 30. Qc3 Qd1+ 31. Kg2 Bh6 32. Ba3 Bd2 33.
Qc5 Be1 34. Qd6 Qf3+ 35. Kh2 Qxf2+ 36. Kh1 Qf1+ 37. Kh2 Bxg3+ 38. Qxg3 Nf5 0-1

[Event "OLSW 1920 SK Frankenthal - Turm Illingen"]
[Site "?"]
[Date "2019.10.20"]
[Round "2.2"]
[White "Fulea, Dan"]
[Black "Klein, Joachim"]
[Result "1/2-1/2"]
[WhiteElo "2216"]
[BlackElo "2158"]
[PlyCount "37"]
[EventDate "2019.??.??"]

1. e4 e5 2. f4 exf4 3. Bc4 d5 4. exd5 Nf6 5. Nc3 Bd6 6. Qe2+ Qe7 7. Nb5 Bg4 8.
Nxd6+ cxd6 9. Qxe7+ Kxe7 10. d3 Nh5 11. h3 Bf5 12. Ne2 g5 13. O-O Bg6 14. g4
Nf6 15. Nxf4 gxf4 16. Bxf4 Ne8 17. Rae1+ Kd8 18. Bg5+ Kc8 19. Re7 1/2-1/2

[Event "OLSW 1920 SK Frankenthal - Turm Illingen"]
[Site "?"]
[Date "2019.10.20"]
[Round "2.3"]
[White "Kuhn, Patrick"]
[Black "Syska, Albert"]
[Result "1-0"]
[WhiteElo "2009"]
[BlackElo "2216"]
[PlyCount "123"]
[EventDate "2019.??.??"]

1. c4 Nf6 2. g3 g6 3. Bg2 Bg7 4. Nc3 d6 5. e4 Nc6 6. Nge2 e5 7. O-O Bg4 8. f3
Be6 9. Nd5 Nd7 10. d3 O-O 11. Be3 Nd4 12. Nxd4 exd4 13. Bc1 Nb6 14. Nf4 Bc8 15.
Rb1 a5 16. b3 Nd7 17. Bb2 c6 18. Ba3 Ne5 19. Ne2 c5 20. Bc1 f5 21. Nf4 fxe4 22.
dxe4 Bd7 23. a4 Rf7 24. Nd3 Qe7 25. Nxe5 dxe5 26. Rb2 Bc6 27. Qd3 Re8 28. Rbf2
b6 29. Bh3 Bf6 30. Qd2 Rd8 31. Qd3 Rd6 32. Bg2 Rd8 33. f4 Rdf8 34. f5 Bg5 35.
g4 Bxc1 36. Rxc1 Qg5 37. Qd1 gxf5 38. exf5 Bxg2 39. Rxg2 e4 40. Qe1 e3 41. Rd1
Rd8 42. Qe2 Qf4 43. Rd3 Kh8 44. Rg3 Qe4 45. Rgxe3 dxe3 46. Rxd8+ Kg7 47. Qb2+
Kh6 48. Rg8 Qd3 49. Qa1 Qd4 50. Qxd4 cxd4 51. Rd8 Re7 52. Kf1 Re4 53. h3 Kg5
54. Ke2 h5 55. Rd5 hxg4 56. hxg4 Rxg4 57. f6+ Kxf6 58. Kf3 Re4 59. Kxe4 e2 60.
Kxd4 e1=Q 61. Rb5 Ke7 62. Re5+ 1-0

[Event "OLSW 1920 SK Frankenthal - Turm Illingen"]
[Site "?"]
[Date "2019.10.20"]
[Round "2.4"]
[White "Prestel, Oliver"]
[Black "Giese, Tilman"]
[Result "1-0"]
[WhiteElo "2145"]
[BlackElo "2001"]
[PlyCount "53"]
[EventDate "2019.??.??"]

1. d4 Nf6 2. Nf3 c6 3. Bf4 g6 4. Nc3 d5 5. Qd2 Bg7 6. Bh6 O-O 7. h4 Bxh6 8.
Qxh6 Ng4 9. Qd2 h5 10. e4 dxe4 11. Nxe4 Nd7 12. Bc4 b5 13. Bb3 Ndf6 14. Ng3 Qc7
15. Qg5 Kh7 16. O-O Bb7 17. Rae1 a5 18. c3 Rad8 19. Ne5 Nxe5 20. dxe5 Ng4 21.
Nxh5 f5 22. Nf4 Rf6 23. exf6 exf6 24. Qxg6+ Kh8 25. Re8+ Rxe8 26. Qxe8+ Kg7 27.
Qg8+ 1-0

[Event "OLSW 1920 SK Frankenthal - Turm Illingen"]
[Site "?"]
[Date "2019.10.20"]
[Round "2.5"]
[White "Biehler, Thomas"]
[Black "Geyer, Bernhard"]
[Result "1/2-1/2"]
[WhiteElo "2208"]
[BlackElo "2154"]
[PlyCount "73"]
[EventDate "2019.??.??"]

1. c4 e6 2. g3 d5 3. Bg2 Nf6 4. Nf3 Be7 5. O-O O-O 6. d4 b6 7. Nc3 Bb7 8. Ne5
c6 9. Bf4 Nbd7 10. Rc1 Nxe5 11. dxe5 Nd7 12. cxd5 cxd5 13. e4 dxe4 14. Nxe4 Bd5
15. Qe2 Rc8 16. Nd6 Bxd6 17. exd6 Bxg2 18. Kxg2 e5 19. Bd2 Qf6 20. Bb4 a5 21.
Ba3 Qe6 22. b3 Qd5+ 23. Kg1 Rxc1 24. Rxc1 f5 25. Rc7 Rd8 26. Qc4 Qxc4 27. bxc4
Kf7 28. c5 bxc5 29. Bxc5 Ke6 30. Ba3 Rb8 31. Kg2 g5 32. Ra7 Rb5 33. Bc1 g4 34.
a4 Rd5 35. Bg5 Kxd6 36. Bd8 h5 37. Ra6+ 1/2-1/2

[Event "OLSW 1920 SK Frankenthal - Turm Illingen"]
[Site "?"]
[Date "2019.10.20"]
[Round "2.6"]
[White "Kargoll, Peter"]
[Black "Hauer, Andreas"]
[Result "1-0"]
[WhiteElo "2149"]
[BlackElo "1928"]
[PlyCount "103"]
[EventDate "2019.??.??"]

1. d4 Nf6 2. Nf3 e6 3. e3 c5 4. Bd3 g6 5. O-O Bg7 6. c3 cxd4 7. exd4 O-O 8. Bg5
b6 9. Nbd2 d5 10. Ne5 Qc7 11. Bxf6 Bxf6 12. Ndf3 Ba6 13. Bxa6 Nxa6 14. Qd2 Nb8
15. Qf4 Nd7 16. Nxg6 Qxf4 17. Nxf4 Rfc8 18. a4 Rc4 19. Rfe1 Rac8 20. Kf1 Bg7
21. Nd3 R4c7 22. Nfe5 Nf6 23. f3 Ne8 24. f4 Nd6 25. Nf2 Bxe5 26. Rxe5 Nc4 27.
Re2 Nd6 28. g4 Kh8 29. Kg2 Rg8 30. Kf3 h5 31. h3 Rcc8 32. Re5 hxg4+ 33. hxg4
Kg7 34. Rg5+ Kf8 35. Rxg8+ Kxg8 36. Ke2 Kg7 37. Kd3 Rh8 38. b3 Rh2 39. Ke3 Rh8
40. Rh1 Rc8 41. Kd3 a6 42. Rc1 Kf6 43. c4 Nb7 44. Rc3 Ke7 45. Nd1 Kd6 46. Ne3
Rh8 47. b4 Kd7 48. cxd5 Rh1 49. Rc6 exd5 50. Rxb6 Nd6 51. Rxa6 Rh3 52. Ke2 1-0

[Event "OLSW 1920 SK Frankenthal - Turm Illingen"]
[Site "?"]
[Date "2019.10.20"]
[Round "2.7"]
[White "Aubertin, Tim"]
[Black "Louis, Volker"]
[Result "0-1"]
[WhiteElo "1916"]
[BlackElo "2081"]
[PlyCount "92"]
[EventDate "2019.??.??"]

1. d4 Nf6 2. Bf4 g6 3. Nc3 Bg7 4. e4 d6 5. Nf3 O-O 6. Qd2 c6 7. O-O-O Qa5 8.
Kb1 Be6 9. Nd5 Qxd2 10. Nxf6+ exf6 11. Rxd2 d5 12. e5 Nd7 13. exf6 Nxf6 14. Bd3
Rfe8 15. Re2 Nh5 16. Bg3 Bg4 17. c3 Rxe2 18. Bxe2 Bf5+ 19. Kc1 Bh6+ 20. Kd1 Nf4
21. Bxf4 Bxf4 22. Nh4 Bb1 23. a3 Re8 24. g3 Bc2+ 25. Kxc2 Rxe2+ 26. Kb3 Bd6 27.
Rf1 c5 28. Nf3 c4+ 29. Ka2 b5 30. Ng1 Rd2 31. Nf3 Re2 32. Ng1 Re8 33. Nf3 Kg7
34. Ne1 Re2 35. Ng2 Kf6 36. Ne3 Ke6 37. Kb1 a5 38. Nc2 Kf5 39. g4+ Ke4 40. f3+
Kd3 41. Ne1+ Kd2 42. Nc2 Rxh2 43. f4 h5 44. gxh5 gxh5 45. f5 Rh4 46. Ne1 Ke2
0-1

[Event "OLSW 1920 Gambit Saarbrücken - SK Gau-Al"]
[Site "?"]
[Date "2019.10.20"]
[Round "2.1"]
[White "Bauer, Bjoern-Benny"]
[Black "Pucher, Sebastien"]
[Result "0-1"]
[WhiteElo "2193"]
[BlackElo "2296"]
[PlyCount "68"]
[EventDate "2019.??.??"]

1. d4 d5 2. c4 e6 3. Nf3 a6 4. e3 Nf6 5. Nc3 dxc4 6. Bxc4 b5 7. Bd3 Bb7 8. O-O
Nbd7 9. Qe2 c5 10. Rd1 Qb8 11. b3 Bd6 12. Bb2 cxd4 13. exd4 Bxf3 14. Qxf3 Bxh2+
15. Kh1 Bd6 16. Rac1 O-O 17. g3 Rc8 18. Kg2 Be7 19. Rh1 g6 20. Rh3 Nf8 21. Rch1
Ra7 22. d5 exd5 23. Ne2 Qd6 24. Bd4 Rac7 25. g4 Qe6 26. Rh4 Ne4 27. Nf4 Qd6 28.
Rxh7 Nxh7 29. Qh3 Neg5 30. Qh6 Bf6 31. Nxg6 fxg6 32. Bxg6 Rf8 33. Rh5 Qf4 34.
Bxh7+ Rxh7 0-1